000 00774nam a2200217Ii 4500
003 JO-AjNU
008 230605s9999||||xx |||||||||||||| ||und||
017 _a1990/9/1640
040 _aJO-AjNU
_bara
_erda
_cJO-AjNU
041 _aara
050 1 4 _aLB3051.Q24 2008
100 3 _aالقمش،مصطفى مؤلف/البواليز،محمد م.مشارك/المعايطة،خليل م.مشارك,
_eauthor
_926074
245 0 0 _aالقياس والتقويم في التربية الخاصة
250 _aط2
264 3 1 _aعمان:دار الفكر،2008
300 _a172ص
336 _atext
_btxt
_2rdacontent
337 _aunmediated
_bn
_2rdamedia
338 _avolume
_bnc
_2rdacarrier
650 4 _aالعلوم الإجتماعية-التعليم الخاص
_926075
999 _aA9834
_c13402
_d13402